000 00339nam a2200133Ia 4500
008 100328s9999 xx 000 0 und d
082 _b33210
100 _aराहुल
245 _aफरार
260 _bडायमंड पॉकेट बुक्स
630 _aफरार
730 _aफरार
942 _cBOOK
999 _c523749
_d523746